Ielts on track

Αποθηκεύτηκε σε:
Λεπτομέρειες βιβλιογραφικής εγγραφής
Μορφή: Βιβλίο
Έκδοση: 2005
Ετικέτες: Προσθήκη ετικέτας
Δεν υπάρχουν, Καταχωρήστε ετικέτα πρώτοι!
Thư viện lưu trữ: Mạng thư viện Đại học Đà Nẵng
LEADER 00433nam a22001811a 4500
001 000037219
003 13514
005 20160412020315.0
008 160412s2005 000
082 |a 4A(07)158-60 
245 |a Ielts on track  |c Nguyễn Thành Yến 
260 |c 2005 
OWN |a LNN 
999 |a From the UDN01 
TYP |a Monograph 
980 |a Mạng thư viện Đại học Đà Nẵng